MARC

LEADER 00000nam0a2200000 4500
001 299011
005 20231102001148.0
035 |a (RuTPU)RU\TPU\book\324162 
090 |a 299011 
100 |a 20150624d1964 km y0rusy50 ca 
101 0 |a rus 
102 |a RU 
105 |a a z 001zy 
200 1 |a Основы строительства и монтажа тепловых электростанций (общие вопросы организации и механизации)  |f В. А. Зайдель, Ф. В. Сапожников, Я. И. Финогенов 
210 |a Москва  |a Ленинград  |c Энергия  |d 1964 
215 |a 256 с.  |c ил. 
320 |a Библиогр.: с. 256. 
606 1 |a Тепловые электрические станции  |x Постройка  |2 stltpush  |3 (RuTPU)RU\TPU\subj\59651  |9 77158 
610 1 |a строительство 
610 1 |a общие вопросы 
610 1 |a сооружения 
610 1 |a постоянные сооружения 
610 1 |a временные сооружения 
610 1 |a графики 
610 1 |a монтаж 
675 |a 621.311.22:69  |v 3 
700 1 |a Зайдель  |b В. А.  |g Виктор Арнольдович 
701 1 |a Сапожников  |b Ф. В.  |g Федор Васильевич 
701 1 |a Финогенов  |b Я. И.  |g Яков Иванович 
801 1 |a RU  |b 63413507  |c 20150624 
801 2 |a RU  |b 63413507  |c 20200917  |g RCR 
942 |c BK